000 00428pab a2200181 454500
008 180718b2009 xxu||||| |||| 00| 0 eng d
100 _aShakuntala
245 _aChild labour: problems and policy implications
260 _c2009
300 _ap.13-18, 23.
362 _aMay
650 _aChild labour
700 _aDalwai, Magdalin B.
700 _aShettar, C.
773 _aSocial Work
908 _aN
909 _a82215
999 _c82215
_d82215